| 000 | 00844cam a2200277 a 4500 | ||
|---|---|---|---|
| 001 | 59060 | ||
| 003 | CO-BoRNBP | ||
| 005 | 20250903212018.0 | ||
| 007 | ta | ||
| 008 | 041019s1987 ck a ar 000 j spa | ||
| 020 | _a9789580418627 | ||
| 040 |
_aCO-BoBN _bspa _cCO-BoBN |
||
| 082 | 0 | 4 |
_a808.0683 _aCo863.44 _220 |
| 084 | _aA DAC1 | ||
| 100 | 1 |
_aColl, Ivar da, _d1962- _963103 |
|
| 245 | 1 | 0 |
_aChigüiro y el baño / _chistoria e ilustraciones, Ivar Da Coll |
| 250 | _aprimera edición | ||
| 264 |
_aBogotá D.C, Colombia _bGrupo editorial norma _c1992 |
||
| 300 |
_a[27] p. : _bil. ; _c18 cm |
||
| 336 |
_2rdacontent _atexto _btxt |
||
| 337 |
_2rdamedia _asin mediación _bn |
||
| 338 |
_2rdacarrier _avolumen _bnc |
||
| 650 | 1 | 4 |
_aCuentos infantiles colombianos _2LEMB |
| 650 | 1 | 4 |
_aCuentos colombianos _ySiglo XX _2LEMB _91206 |
| 942 |
_2ddc _cBK |
||
| 999 |
_c59060 _d59060 |
||